|
|
|
|
| LEADER |
00000nam a2200000 4500 |
| 001 |
vtls012158037 |
| 003 |
SK-MaSNL |
| 005 |
20260301105458.0 |
| 008 |
230110s1851 be 001 0 und |
| 015 |
|
|
|a SNBHFA
|
| 040 |
|
|
|a SNKHF
|b slo
|c SNKHF
|e rda
|
| 041 |
0 |
|
|a fre
|
| 044 |
|
|
|a be
|c BE
|
| 072 |
|
7 |
|a 821.133.1
|x Francúzska literatúra, francúzsky písaná
|2 konspekt
|
| 080 |
|
|
|a 821.133.1
|2 2011
|
| 100 |
1 |
|
|a Kock, Charles Paul de
|4 aut
|9 445840
|
| 245 |
1 |
0 |
|a Une Gaillarde
|n 1
|c par Ch. Paul de Kock
|
| 264 |
|
3 |
|a Bruxelles
|b Alp. Lebegue, Imprimeur-Éditeur
|c 1851
|
| 300 |
|
|
|a 125 strán
|c 14 cm
|
| 336 |
|
|
|a text
|b txt
|2 rdacontent
|
| 337 |
|
|
|a bez média
|b n
|2 rdamedia
|
| 338 |
|
|
|a zväzok
|b nc
|2 rdacarrier
|
| 500 |
|
|
|a Titulný list so signetom vydavateľa
|
| 501 |
|
|
|a Príväzok 1.: KOCK, Charles Paul de. Une Gaillarde. 2. Bruxelles : Alp. Lebegue, Imprimeur-Éditeur, 1851.
|5 SNK IE 11224/prív. 1
|
| 501 |
|
|
|a Príväzok 2.: KOCK, Charles Paul de. Une Gaillarde. 2. Bruxelles : Alp. Lebegue, Imprimeur-Éditeur, 1850.
|5 SNK IE 11224/prív. 2
|
| 546 |
|
|
|a Franzúzsky text
|
| 561 |
|
|
|a Pečiatka: G. Csáky László.
|5 SNK IE 11224
|
| 650 |
0 |
7 |
|a francúzska literatúra
|2 SNKPH
|9 1186
|
| 655 |
|
7 |
|a romány
|2 SNK
|9 1390
|
| 700 |
1 |
|
|a Čáki, Ladislav,
|d 1869-1909
|4 fmo
|9 261843
|
| 700 |
1 |
|
|a Lebegue, Alphons
|4 prt
|4 pbl
|9 445841
|
| 752 |
|
|
|a Belgicko
|d Brusel
|
| 852 |
|
|
|a snk
|b Historické fondy
|p IE 11224
|
| 958 |
|
|
|a DF
|
| 958 |
|
|
|a ONDV
|
| 999 |
|
|
|c 700968
|d 702898
|
| 952 |
|
|
|t SG 100/91
|a SNK
|b SNK
|c SNK_HF
|y PREZ
|7 0
|p 17A1485926
|o snkIE 11224
|i snk2023/92
|8 5
|0 0
|1 0
|4 0
|d 2023-01-10
|l 0
|r 2026-02-23 20:56:57
|w 2026-02-23
|